000 00459nam a2200205Ia 4500
005 20240823022030.0
008 240823s9999||||xx |||||||||||||| ||und||
020 _a81-317-0537-4
041 _aENGLISH
082 _A153.3 P6
100 _a"Bevan,ROb"
245 0 _aUnleash Your Creativity
250 _a1st
260 _c2006
_b"Pearson,"
500 _aYES
650 _aIdeas
_bGeneral
700 _a" Wright,Tim"
942 _cBK
999 _c178228
_d178228